Kreatívne účtovníctvo a riziko jeho zneužitia v hospodárskej praxi habilitačná prednáška

Uložené v:
Podrobná bibliografia
Hlavný autor: Tumpach, Miloš, 1970-
Korporativný autor: Fakulta hospodárskej informatiky EU. Katedra účtovníctva a audítorstva
Ďalší autori: Juhászová, Zuzana, 1970-, Hulík, Richard
Médium: Kniha
Jazyk:Slovak
Vydavateľské údaje: Bratislava 2008
Edícia:Habilitačné a inauguračné prednášky
Predmet:
Tagy: Pridať tag
Žiadne tagy, Buďte prvý, kto otaguje tento záznam!

MARC

LEADER 00000nam$a2200000$$$4500
001 0075708
005 20240502071904.2
020 |a 978-80-225-2508-4 
041 0 |a slo 
044 |a SK 
245 1 0 |a Kreatívne účtovníctvo a riziko jeho zneužitia v hospodárskej praxi  |b habilitačná prednáška  |c Miloš Tumpach 
264 1 |a Bratislava  |c 2008 
300 |a 51 s. 
490 1 |a Habilitačné a inauguračné prednášky 
830 0 |a Habilitačné a inauguračné prednášky 
610 2 0 |a účtovníctvo 
610 2 0 |a výsledok hospodársky 
610 2 0 |a cash flow 
610 2 0 |a situácia finančná podniku 
100 1 |a Tumpach, Miloš, 1970- 
700 1 |a Juhászová, Zuzana, 1970- 
700 1 |a Hulík, Richard 
710 2 |a Fakulta hospodárskej informatiky EU. Katedra účtovníctva a audítorstva